[Event "Qatar Masters op-A"]
[White "Aradhya, Garg"]
[Black "Vignesh, Advaith Vemula"]
[Site "Doha"]
[Round "8"]
[Result "1/2-1/2"]
[Date "2024.12.11"]
[WhiteElo "2365"]
[BlackElo "2276"]
[PlyCount "107"]
[EventDate "2024.12.03"]
[EventType "swiss"]
[EventRounds "9"]
[EventCountry "QAT"]
[SourceTitle "CB51_2024"]
[SourceDate "2024.12.18"]
[SourceVersion "1"]
[SourceVersionDate "2024.12.18"]
[SourceQuality "1"]

1. d4 Nf6 2. Bf4 d5 3. e3 c5 4. Nf3 Nc6 5. Nbd2 cxd4 6. exd4 Qb6 7. Nb3 Bg4 8. h3 Bh5 9. a4 a6 10. a5 Qd8 11. g4 Bg6 12. Ne5 e6 13. h4 Nxe5 14. dxe5 Qc7 15. Qd4 Nxg4 16. f3 Nh6 17. h5 Bf5 18. Rc1 Ng8 19. c4 dxc4 20. Bxc4 Qd8 21. Qb6 Qxb6 22. axb6 Bb4+ 23. Ke2 Ne7 24. Rhd1 0-0 25. Rd7 Rab8 26. Be3 Rfc8 27. Rc7 Kf8 28. Bxa6 bxa6 29. b7 Re8 30. Bc5 a5 31. Bd6 Bxd6 32. exd6 Nd5 33. Nxa5 e5 34. d7 Nf4+ 35. Ke3 Nd5+ 36. Kf2 Nxc7 37. Rxc7 Bxd7 38. Rxd7 Rbd8 39. Rxd8 Rxd8 40. Nc6 Rd2+ 41. Kg3 Rxb2 42. b8Q+ Rxb8 43. Nxb8 Ke7 44. Kg4 Ke6 45. Nc6 h6 46. Nb4 g6 47. hxg6 fxg6 48. Nc6 Kd6 49. Nd8 Kd5 50. Nf7 e4 51. f4 e3 52. Kf3 e2 53. Kxe2 Ke4 54. Nxh6 1/2-1/2

[Event "Qatar Masters op-A"]
[White "Sahib, Singh"]
[Black "Vignesh, Advaith Vemula"]
[Site "Doha"]
[Round "4"]
[Result "1/2-1/2"]
[Date "2024.12.06"]
[WhiteElo "2438"]
[BlackElo "2276"]
[PlyCount "44"]
[EventDate "2024.12.03"]
[EventType "swiss"]
[EventRounds "9"]
[EventCountry "QAT"]
[SourceTitle "CB51_2024"]
[SourceDate "2024.12.18"]
[SourceVersion "1"]
[SourceVersionDate "2024.12.18"]
[SourceQuality "1"]

1. e4 c5 2. Nf3 d6 3. d4 cxd4 4. Nxd4 Nf6 5. Nc3 a6 6. Bg5 e6 7. f4 Be7 8. Qf3 Qc7 9. 0-0-0 Nbd7 10. g4 h6 11. Bxf6 Bxf6 12. h4 Nb6 13. g5 Bxd4 14. Rxd4 Qc5 15. Qd3 hxg5 16. b4 Qc7 17. fxg5 Bd7 18. Rxd6 Nc8 19. Rd4 Nb6 20. Rd6 Nc8 21. Rd4 Nb6 22. Rd6 Nc8 1/2-1/2

[Event "Hyderabad Murthy Raju Memorial"]
[White "Aditya, Gupta4"]
[Black "Vignesh, Advaith Vemula"]
[Site "Hyderabad"]
[Round "2"]
[Result "0-1"]
[Date "2024.07.27"]
[WhiteElo "1487"]
[BlackElo "2048"]
[PlyCount "64"]
[EventDate "2024.07.27"]
[EventType "swiss (rapid)"]
[EventRounds "9"]
[EventCountry "IND"]
[SourceTitle "CBM 221 Extra"]
[Source "ChessBase"]
[SourceDate "2024.09.30"]
[SourceVersion "1"]
[SourceVersionDate "2024.09.30"]
[SourceQuality "1"]

1. e4 c5 2. Nf3 d6 3. d4 cxd4 4. Nxd4 Nf6 5. Bc4 e6 6. Nc3 a6 7. f3 Nc6 8. Nxc6 bxc6 9. Be3 d5 10. Bb3 Bb4 11. e5 Nd7 12. f4 0-0 13. 0-0 Be7 14. Rf3 f6 15. exf6 Bxf6 16. Bd4 c5 17. Bxf6 Nxf6 18. f5 c4 19. Ba4 e5 20. Bc6 Qb6+ 21. Kh1 Qxc6 22. Qe2 d4 23. Nd1 Bb7 24. Nf2 e4 25. Rg3 e3 26. Ng4 Ne4 27. Rf3 Rae8 28. Rg1 h5 29. Nxe3 dxe3 30. Rxe3 Rxf5 31. Re1 Nf2+ 32. Kg1 Qxg2# 0-1

[Event "Hyderabad Murthy Raju Memorial"]
[White "Vakcheri, Mohitha"]
[Black "Vignesh, Advaith Vemula"]
[Site "Hyderabad"]
[Round "4"]
[Result "0-1"]
[Date "2024.07.27"]
[WhiteElo "1701"]
[BlackElo "2048"]
[PlyCount "118"]
[EventDate "2024.07.27"]
[EventType "swiss (rapid)"]
[EventRounds "9"]
[EventCountry "IND"]
[SourceTitle "CBM 221 Extra"]
[Source "ChessBase"]
[SourceDate "2024.09.30"]
[SourceVersion "1"]
[SourceVersionDate "2024.09.30"]
[SourceQuality "1"]

1. d4 d5 2. c4 e6 3. Nc3 Be7 4. cxd5 exd5 5. Bf4 Nf6 6. e3 0-0 7. Bd3 b6 8. Nge2 c5 9. 0-0 Nc6 10. Rc1 Bb7 11. h3 a6 12. Bb1 g6 13. dxc5 bxc5 14. Bg5 Ne5 15. Na4 Ned7 16. Bxf6 Bxf6 17. Nxc5 Nxc5 18. Rxc5 Qb6 19. Rc2 Bxb2 20. Rd2 Be5 21. Nd4 Rac8 22. Qb3 Qxb3 23. Nxb3 Rc3 24. Rc2 Rfc8 25. Rfc1 Kf8 26. Na5 Ba8 27. Rxc3 Rxc3 28. Rxc3 Bxc3 29. Nb3 Ke7 30. Bd3 a5 31. Kf1 Kd6 32. Ke2 a4 33. Nd4 Kc5 34. Nc2 Bc6 35. f3 h6 36. h4 g5 37. hxg5 hxg5 38. g3 Bd7 39. g4 d4 40. exd4+ Bxd4 41. a3 Bb2 42. Ke3 Bc1+ 43. Ke2 Bc6 44. Kd1 Bb2 45. Ke2 Bd5 46. Ne3 Bb3 47. Nc2 Kd5 48. Kd2 Ke5 49. Be4 Bd5 50. Bxd5 Kxd5 51. Kd3 Kc5 52. Ke4 Kc4 53. f4 Kb3 54. Ne3 gxf4 55. Nd5 Bxa3 56. Nxf4 Bb2 57. Nd3 a3 58. Nc5+ Kc2 59. Nd3 Bc3 0-1

[Event "Hyderabad Murthy Raju Memorial"]
[White "Vignesh, Advaith Vemula"]
[Black "Vishwanath, Kannam"]
[Site "Hyderabad"]
[Round "5"]
[Result "1-0"]
[Date "2024.07.27"]
[WhiteElo "2048"]
[BlackElo "1754"]
[PlyCount "81"]
[EventDate "2024.07.27"]
[EventType "swiss (rapid)"]
[EventRounds "9"]
[EventCountry "IND"]
[SourceTitle "CBM 221 Extra"]
[Source "ChessBase"]
[SourceDate "2024.09.30"]
[SourceVersion "1"]
[SourceVersionDate "2024.09.30"]
[SourceQuality "1"]

1. e4 c5 2. Nf3 d6 3. d4 cxd4 4. Nxd4 Nf6 5. Nc3 a6 6. Be3 Ng4 7. Bg5 g6 8. f3 Ne5 9. Qd2 Bg7 10. 0-0-0 Nbc6 11. Kb1 0-0 12. Nd5 Re8 13. Be3 Rb8 14. h4 h5 15. c4 Nxd4 16. Bxd4 b5 17. cxb5 axb5 18. f4 Ng4 19. Bxg7 Kxg7 20. Be2 Kh7 21. Qd4 Be6 22. f5 gxf5 23. exf5 Bxf5+ 24. Bd3 Bg6 25. Rhf1 Rf8 26. Rf5 Kg8 27. Rg5 e5 28. Qa7 Ra8 29. Qe7 Kh8 30. Bxg6 fxg6 31. Qe6 Qe8 32. Ne7 Rf6 33. Nxg6+ Kh7 34. Rxh5+ Kg7 35. Qxg4 Rxg6 36. Rg5 Rd8 37. h5 Rxg5 38. Qxg5+ Kh8 39. Qh6+ Kg8 40. Rd3 Rd7 41. Rg3+ 1-0

[Event "IND-ch U17 34th"]
[White "Nandish, VS."]
[Black "Vignesh, Advaith Vemula"]
[Site "Chandigarh"]
[Round "7"]
[Result "0-1"]
[Date "2024.07.19"]
[WhiteElo "2185"]
[BlackElo "2201"]
[PlyCount "168"]
[EventDate "2024.07.15"]
[EventType "swiss"]
[EventRounds "11"]
[EventCountry "IND"]
[SourceTitle "CBM 221 Extra"]
[Source "ChessBase"]
[SourceDate "2024.09.30"]
[SourceVersion "1"]
[SourceVersionDate "2024.09.30"]
[SourceQuality "1"]

1. c4 Nf6 2. g3 e6 3. Bg2 d5 4. Nf3 Be7 5. 0-0 0-0 6. b3 b6 7. Bb2 Bb7 8. e3 c5 9. Qe2 Nbd7 10. Rd1 Qc7 11. Nc3 Rac8 12. cxd5 Nxd5 13. Rac1 Qb8 14. a3 Rfd8 15. Na2 Qa8 16. e4 Nc7 17. d3 Bf6 18. Nc3 Ne5 19. Nxe5 Bxe5 20. f4 Bd4+ 21. Kh1 Rd7 22. Na4 Nb5 23. b4 cxb4 24. axb4 Rcd8 25. h3 Qb8 26. Qh5 Ba6 27. Bxd4 Rxd4 28. Nb2 Nd6 29. Qe5 Rxb4 30. Qc3 Rb5 31. f5 exf5 32. e5 Rc5 33. Qa3 Ra5 34. Qc3 Nb5 35. Qb4 Nd4 36. Nc4 Ra2 37. Nd6 Rxg2 38. Kxg2 Qa8+ 39. Kg1 Qd5 40. Re1 Nf3+ 41. Kf2 Nxe1 42. Rxe1 Qxd3 43. Qf4 f6 44. Nxf5 Qd2+ 45. Qxd2 Rxd2+ 46. Ke3 Rd3+ 47. Kf4 fxe5+ 48. Kxe5 Bc4 49. g4 Rd5+ 50. Kf4 Rd7 51. h4 Bd3 52. Ne7+ Kf8 53. Nc6 Bb5 54. Ne5 Rd4+ 55. Kg5 h6+ 56. Kg6 Kg8 57. g5 Rxh4 58. Rd1 Kf8 59. Rd8+ Ke7 60. Ra8 Ra4 61. gxh6 gxh6 62. Kxh6 Kd6 63. Nf7+ Kc7 64. Kg5 Bc6 65. Rh8 Bd5 66. Ne5 Kd6 67. Nd3 Bc4 68. Nb2 Rb4 69. Nd1 a5 70. Rd8+ Ke5 71. Ne3 Be6 72. Rd2 b5 73. Nc2 Rg4+ 74. Kh5 b4 75. Ne3 Re4 76. Nf1 a4 77. Ng3 Re3 78. Nf1 Re1 79. Ng3 a3 80. Ne2 a2 81. Nd4 a1Q 82. Nf3+ Kf4 83. Nxe1 Bf7+ 84. Kh4 Qh8# 0-1

[Event "IND-ch U17 34th"]
[White "Vignesh, Advaith Vemula"]
[Black "Swastik, Singhal"]
[Site "Chandigarh"]
[Round "6"]
[Result "1-0"]
[Date "2024.07.18"]
[WhiteElo "2201"]
[BlackElo "1912"]
[PlyCount "51"]
[EventDate "2024.07.15"]
[EventType "swiss"]
[EventRounds "11"]
[EventCountry "IND"]
[SourceTitle "CBM 221 Extra"]
[Source "ChessBase"]
[SourceDate "2024.09.30"]
[SourceVersion "1"]
[SourceVersionDate "2024.09.30"]
[SourceQuality "1"]

1. e4 c6 2. d4 d5 3. e5 Bf5 4. h4 h5 5. Bd3 Bxd3 6. Qxd3 e6 7. Nf3 Ne7 8. Bg5 Qa5+ 9. Nbd2 Qa6 10. c4 Nd7 11. 0-0 0-0-0 12. Qc2 f6 13. Bf4 fxe5 14. Nxe5 Nxe5 15. Bxe5 Nf5 16. cxd5 Rxd5 17. Nf3 Be7 18. Rfe1 Rg8 19. Bh2 Bd6 20. Bxd6 Rxd6 21. Rxe6 Nxd4 22. Nxd4 Rxd4 23. Qf5 Rd7 24. Rd6 Rgd8 25. Rxd7 Rxd7 26. Rd1 1-0

[Event "IND-ch U17 34th"]
[White "Anirudh, R."]
[Black "Vignesh, Advaith Vemula"]
[Site "Chandigarh"]
[Round "3"]
[Result "1/2-1/2"]
[Date "2024.07.16"]
[WhiteElo "1845"]
[BlackElo "2201"]
[PlyCount "87"]
[EventDate "2024.07.15"]
[EventType "swiss"]
[EventRounds "11"]
[EventCountry "IND"]
[SourceTitle "CBM 221 Extra"]
[Source "ChessBase"]
[SourceDate "2024.09.30"]
[SourceVersion "1"]
[SourceVersionDate "2024.09.30"]
[SourceQuality "1"]

1. d4 d5 2. Bf4 Nf6 3. e3 c5 4. Nf3 Nc6 5. Nbd2 cxd4 6. exd4 Qb6 7. Nb3 Bg4 8. h3 Bh5 9. a4 a6 10. a5 Qd8 11. g4 Bg6 12. Ne5 e6 13. h4 Nxe5 14. dxe5 Qc7 15. Qd4 Nxg4 16. f3 Nh6 17. h5 Bf5 18. Qa4+ Qd7 19. Qxd7+ Kxd7 20. Bxh6 gxh6 21. Nd4 Bc5 22. Nxf5 exf5 23. Rd1 Ke6 24. c4 Rad8 25. f4 Bb4+ 26. Kf2 dxc4 27. Bxc4+ Ke7 28. Bd3 Rd4 29. Kf3 Rhd8 30. Bc2 Bd2 31. Rh4 Rb4 32. Bxf5 Rb3+ 33. Ke2 Rxb2 34. Kf3 Rb3+ 35. Ke2 Re3+ 36. Kf2 Ra3 37. Rb1 Rb8 38. Be4 Bxa5 39. Rxb7+ Rxb7 40. Bxb7 f6 41. Rg4 Kf8 42. Bd5 fxe5 43. Rg8+ Ke7 44. fxe5 1/2-1/2

[Event "Bhubaneswar SOA op 1st"]
[White "Vignesh, Advaith Vemula"]
[Black "Goutham Krishna, H."]
[Site "Bhubaneswar"]
[Round "6"]
[Result "1-0"]
[Date "2024.02.01"]
[WhiteElo "2028"]
[BlackElo "2288"]
[PlyCount "83"]
[EventDate "2024.01.28"]
[EventType "swiss"]
[EventRounds "10"]
[EventCountry "IND"]
[SourceTitle "CBM 218 Extra"]
[Source "ChessBase"]
[SourceDate "2024.03.31"]
[SourceVersion "1"]
[SourceVersionDate "2024.03.31"]
[SourceQuality "1"]

1. e4 c5 2. Nf3 d6 3. d4 cxd4 4. Nxd4 Nf6 5. Nc3 a6 6. f3 e6 7. Be3 b5 8. a3 h5 9. Qd2 Nbd7 10. 0-0-0 Bb7 11. Kb1 Be7 12. Rg1 Rc8 13. Be2 Nb6 14. Bg5 Rc5 15. h4 0-0 16. Rde1 Nbd7 17. Nd1 d5 18. exd5 Rxd5 19. Nc3 Rd6 20. Qe3 Nb6 21. Rd1 Nfd5 22. Nxd5 Nxd5 23. Qc1 Bxg5 24. hxg5 b4 25. axb4 Nxb4 26. c3 Qb6 27. g6 fxg6 28. Bc4 Rc8 29. Bb3 Bd5 30. c4 Nc6 31. cxd5 Nxd4 32. Qxc8+ Rd8 33. Qc3 Nxb3 34. Rge1 Nc5 35. dxe6 Rxd1+ 36. Rxd1 Nxe6 37. Qe5 Nc5 38. Qe8+ Kh7 39. Rd8 Kh6 40. f4 g5 41. fxg5+ Kxg5 42. Rd5+ 1-0

[Event "Hyderabad U1500 op 3rd"]
[White "Sathwik Shivananda, PS."]
[Black "Vignesh, Advaith Vemula"]
[Site "Hyderabad"]
[Round "2.6"]
[Result "1-0"]
[Date "2018.12.08"]
[WhiteElo "1447"]
[BlackElo "1204"]
[PlyCount "101"]
[EventDate "2018.12.08"]
[EventType "swiss"]
[EventRounds "9"]
[EventCountry "IND"]
[SourceTitle "EXT 2024"]
[Source "ChessBase"]
[SourceDate "2023.10.10"]
[SourceVersion "1"]
[SourceVersionDate "2023.10.10"]
[SourceQuality "1"]

1. e4 e5 2. Nf3 Nc6 3. d4 exd4 4. Bc4 Nf6 5. e5 d5 6. Bb5 Ne4 7. Nxd4 Bd7 8. Bxc6 Bxc6 9. Nxc6 bxc6 10. 0-0 Be7 11. Be3 0-0 12. f3 Bc5 13. Qd3 d4 14. Bf4 Ng5 15. Nd2 Ne6 16. Bg3 Qd5 17. f4 Bb6 18. Ne4 Nc5 19. Nxc5 Qxc5 20. f5 Qd5 21. f6 g6 22. Kh1 h5 23. Qd2 Kh7 24. Bf4 Rh8 25. a4 a5 26. Bh6 Kg8 27. Rae1 Bc5 28. Qf4 Re8 29. Bg7 Rh7 30. e6 Bd6 31. exf7+ Kxf7 32. Qf2 Re5 33. Rxe5 Qxe5 34. g3 Qe4+ 35. Qg2 Qxg2+ 36. Kxg2 Be5 37. Kf3 c5 38. Ke4 Ke6 39. h3 c6 40. Rf3 c4 41. b3 c3 42. b4 c5 43. Rf1 Bd6 44. Rf3 Be5 45. Rf1 Bd6 46. Rf3 Be5 47. Bf8 Bd6 48. Bxd6 Kxd6 49. f7 Rxf7 50. Rxf7 c4 51. Kxd4 1-0